Statystyki dla Województwa Polski według dwóch pierwszych liter w 15 sekund

Kliknij tutaj aby rozwiązać quiz!

Ogólne statystyki

  • Ten quiz został rozwiązany 668 razy
  • Średni wynik to 11 z 16

Odpowiedzi na mapie

Odpowiedzi skodowane kolorowo w zielono-czerwonej skali na mapie do tego quizu, zgodnie z poniższymi procentami.
 

Statystyki odpowiedzi

Województwo% Poprawnych
Podkarpackie
89%
Podlaskie
89%
Pomorskie
89%
Małopolskie
88%
Mazowieckie
88%
Lubuskie
71%
Lubelskie
70%
Wielkopolskie
69%
Zachodniopomorskie
69%
Warmińsko - mazurskie
61%
Śląskie
60%
Kujawsko - pomorskie
58%
Dolnośląskie
54%
Łódzkie
53%
Opolskie
51%
Świętokrzyskie
44%

Rozkład punktacji

Percentyl według liczby udzielonych odpowiedzi

Procent ludzi z każdym wynikiem

Twoja historia wyników

Nie rozwiązałeś tego quizu